000 01079naa a22003137a 4500
001 BR9401508
003 BR-BrBNA
005 20240918180926.0
007 ta
008 230509b bl.||||| |||| 00| 0 por d
040 _aBR-BrBNA
_bpor
_cBiblioteca Nacional de Agricultura
041 _a(Pt)
072 _aE14
090 _aE14 BR9401508
100 1 _aPinheiro, S.
100 1 _aSilva, J. de S.
100 1 _aBaiardi, A.
100 1 _aOliveira, H.P. de
100 1 _aBandeira, J.A.
100 1 _aBrito, F.
111 1 _a8. Encontro dos Engenheiros Agronomos da Bahia
_cSalvador, BA (Brazil)
_d15-17 Aug 1990
245 1 _aPerspectiva para a agricultura no sec. XXI
260 3 _aSalvador, BA (Brasil):
_c1990.
500 _aAnais do 8. Encontro dos Engenheiros Agronomos da Bahia Salvador, BA (Brasil): 1990. p. 155-214 (BR9401508-AM)E14
650 _aBiotecnologia
773 0 _tAnais do 8. Encontro dos Engenheiros Agronomos da Bahia
_wE14 BR9401508
_gSalvador, BA (Brasil), 1990. p. 155-214
909 _a202404
_bLucia
_c55
_dLucia Elande
942 _cAM
_2AGRIS
999 _c322719
_d322719